Statistics for Lucy In The Sky With Diamonds - The Beatles Lyrics

Click here to take the quiz!

General Stats

  • This quiz has been taken 538 times
    (525 since last reset)
  • The average score is 147 of 186

Answer Stats

Answer% Correct
with
99%
in
98%
the
97%
a
96%
Lucy
96%
sky
96%
lucy
96%
diamonds
95%
you
91%
on
90%
and
90%
your
90%
eyes
89%
river
88%
girl
86%
picture
86%
boat
86%
skies
85%
yourself
85%
so
81%
kaleidoscope
79%
tangerine
78%
marmalade
78%
to
77%
her
76%
trees
75%
slowly
74%
look
73%
quite
73%
answer
72%
gone
70%
shes
69%
sun
68%
head
67%
for
66%
somebody
66%
of
65%
yellow
64%
green
63%
flowers
63%
calls
62%
over
59%
away
59%
take
59%
station
58%
marshmallow
58%
train
57%
glass
56%
by
56%
pies
55%
clouds
55%
towering
55%
you're
55%
looking
54%
cellophane
54%
people
54%
shore
53%
waiting
53%
at
53%
where
52%
there
52%
is
50%
appear
50%
ah
50%
eat
50%
high
49%
taxis
49%
newspaper
49%
rocking
49%
down
49%
that
49%
as
49%
horse
49%
someone
48%
incredibly
47%
follow
47%
grow
47%
suddenly
46%
fountain
46%
ties
45%
bridge
45%
turnstile
42%
back
41%
past
40%
drift
40%
porters
38%
plasticine
37%
smiles
37%
everyone
37%
climb
33%

Score Distribution

Percentile by Number Answered

Percent of People with Each Score

Your Score History

You have not taken this quiz since the last reset